| 000 | 00398pam a2200157 a 4500 | ||
|---|---|---|---|
| 020 |
_a9789350901939 _c |
||
| 041 | _h | ||
| 082 |
_a617.3/HOU _b10954 |
||
| 100 | _aHOUGLUM P.A. ,BERTOTI D.B. | ||
| 245 |
_aBRUNNSTROMS CLINICAL KINESIOLOGY _hTextual Documents |
||
| 250 | _a6. | ||
| 260 |
_bJAYPEE BROTHERS MEDICAL PUB. _c2012 |
||
| 300 |
_a704: _bXXXIV; _cPB. |
||
| 930 | _a5806 | ||
| 999 |
_c800333 _d800333 |
||
| 650 | _aORTHO | ||